00788nam a2200169 a 450000100100000000500170001000800410002704000250006808200140009311000530010724502550016026000450041530000200046004900090048095201120048999900170060100002873820200930055116.0110411s2005 dr 000 0 spa d aDO-SdBNPbspacBNPHU axxxbM9351 aMovimiento médico Dr. Tejada Florentino95573510aEstatutos. :bEstos estatutos contienen las modificaciones aprobadas por el movimiento médico Dr. Tejada Florentino del Colegio Médico Dominicano, en su asamblea nacional extraordinaria celebrada el 28 de mayo de 2005 en la sede central del CMD.. aSanto Domingo, :bEditora Búho,c2005. a25 p. ;c22 cm. aBNPD 0010718PDaPDbPDcCTd2011-04-11iLF1l0oxxx M935p28738-10r2020-06-25w2020-06-25yLFPDZNo se presta c28230d28230